Walking Dead Game Season 1 Deaths - Statistics

General Stats
  • This quiz has been taken 84 times
    27 since last reset
  • The average score is 7 of 14
Answer Stats
Answer % Correct
Shot by Clementine to prevent reanimation Lee
88%
Eaten by walkers. Pharmacy Doug
75%
Eaten in the bell tower Ben
71%
Eaten on the farm Shawn
71%
Eaten in the sewer Chuck
63%
Pitchfork Danny
58%
Shot herself to not have to shoot Duck Katjaa
58%
Lilly got really mad. Carley
54%
Shot by Lee before reanimation Duck
54%
Electricity Andy
50%
Shot in head by Danny Jolene
33%
Fatally bit in the neck. Brenda
29%
Shot herself Irene
25%
Eaten in beginning of episode 3 Beatrice
4%
No matching quizzes found
Score Distribution
Percent of People with Each Score
Percentile by Number Answered
Your Score History
You have not taken this quiz since the last reset